000 00557nam a2200193Ia 4500
003 OSt
005 20250104115843.0
008 210210b1964 xxu||||| |||| 00| 0 eng d
040 _cAL
041 _aKannada
082 _a859/2186
100 _aSITARAMA SHASTRI
_942961
_dಸೀತಾರಾಮ ಶಾಸ್ತ್ರಿ
245 _aDaulat
_b ದೌಲತ್
260 _aMaisuru
_bD V K Murthy, Prakashakaru
_c1964
690 _aKannada Fiction
_942962
700 _aVIRAKESARI
_942963
_dವೀರಕೇಸರಿ
906 _a022898
942 _2ddc
_cBK
999 _c147597
_d147597